| 000 | 00629nam a2200241Ia 4500 | ||
|---|---|---|---|
| 005 | 20250425162752.0 | ||
| 008 | 250425s9999 xx 000 0 und d | ||
| 020 | _a9789978926024 | ||
| 041 | _aspa | ||
| 043 | _aec | ||
| 082 | _a863.6 | ||
| 110 | _aECUADOR. MINISTERIO DE CULTURA | ||
| 245 | 0 | _aLA NOVELA BREVE: ANTOLOGIA ESENCIAL ECUADOR SIGLO XX (TOMO II) | |
| 250 | _a1A ED. | ||
| 260 |
_aEcuador _bMINISTERIO DE CULTURA _c2009 |
||
| 260 | _aQUITO | ||
| 300 | _a308 | ||
| 500 | _aCOLECCION BICENTENARIO | ||
| 650 | _aLITERATURA ECUATORIANA | ||
| 650 | _aNOVELA ECUATORIANA | ||
| 942 | _c01 | ||
| 010 | _a107366 | ||
| 999 |
_c236043 _d236043 |
||